000 00684nam a2200229 i 4500
001 bg
100 1 _aJĘDRZEJOWICZ, Joanna
245 1 0 _aWstęp do baz danych :
_bz opisem systemu Btrieve /
_cJoanna Jędrzejowicz, Katarzyna Rejniak.
260 _aGdańsk :
_bWydaw. Uniwersytetu Gdańskiego,
_c1997.
300 _a204 s. :
_brys. ;
_c24 cm +
_edyskietka.
504 _aBibliogr. s. 202. - Indeks.
650 9 _aBaza danych
655 _aPodręczniki akademickie
700 1 _aREJNIAK, Katarzyna
020 _a837017745X
040 _cBPK
041 0 _apl
080 _a004.65(075.8)
920 _a83-7017-745-X
942 _cKS
008 s pl f |000 0 pol
999 _c32739
_d32739
856 _uhttp://koha.tu.koszalin.pl/cgi-bin/koha/opac-detail.pl?biblionumber=32739
_yKatalog online BPK